| 000 | 00422nam a2200145Ia 4500 | ||
|---|---|---|---|
| 008 | 230917s9999||||xx |||||||||||||| ||und|| | ||
| 040 |
_e162554 _aMAIN |
||
| 041 | _aEnglish | ||
| 082 | _a891.433721 DK272S | ||
| 100 | _aदवे, कृष्ण वल्लभ | ||
| 245 | 0 | _aसंकल्प | |
| 260 |
_aइलाहाबाद _bअनिल प्रकाशन _c1978 |
||
| 300 | _a108पृ p. | ||
| 942 | _cHN | ||
| 999 |
_c212061 _d212061 |
||